|
|
|
|
| LEADER |
00000nam0a2200000 4500 |
| 001 |
365805 |
| 005 |
20231102011824.0 |
| 035 |
|
|
|a (RuTPU)RU\TPU\retro\23168
|
| 090 |
|
|
|a 365805
|
| 100 |
|
|
|a 20220120d1979 km y0rusy50 ca
|
| 101 |
0 |
|
|a rus
|
| 102 |
|
|
|a RU
|
| 105 |
|
|
|a a z 001zy
|
| 200 |
1 |
|
|a Строительство подземных сооружений гидроэлектростанций на Крайнем Севере
|f И. И. Гроссман, Е. М. Глазунов, Ф. С. Канаев
|g под ред. В. Л. Купермана
|
| 210 |
|
|
|a Москва
|c Энергия
|d 1979
|
| 215 |
|
|
|a 130 с.
|c ил.
|
| 225 |
1 |
|
|a Библиотека гидротехника и гидроэнергетика
|v Вып. 63
|
| 320 |
|
|
|a Библиогр.: с. 124-128
|
| 606 |
1 |
|
|a Гидроэлектрические станции
|x Подземные сооружения
|x Постройка
|2 stltpush
|3 (RuTPU)RU\TPU\subj\7135
|9 34856
|
| 610 |
1 |
|
|a Крайний Север
|
| 610 |
1 |
|
|a выработки
|
| 610 |
1 |
|
|a породный массив
|
| 610 |
1 |
|
|a исследование
|
| 610 |
1 |
|
|a подземные конструкции
|
| 610 |
1 |
|
|a расчет
|
| 610 |
1 |
|
|a вечномерзлые скальные породы
|
| 610 |
1 |
|
|a подземные работы
|
| 610 |
1 |
|
|a технология
|
| 675 |
|
|
|a 627.8.035.4
|v 4
|
| 700 |
|
1 |
|a Гроссман
|b И. И.
|g Ихиль Иосифович
|
| 701 |
|
1 |
|a Глазунов
|b Е. М.
|g Евгений Михайлович
|
| 701 |
|
1 |
|a Канаев
|b Ф. С.
|g Федор Сергеевич
|
| 702 |
|
1 |
|a Куперман
|b В. Л.
|4 340
|
| 801 |
|
1 |
|a RU
|b 63413507
|c 20220120
|
| 942 |
|
|
|c BK
|